Normal view
MARC view
Entry Personal Name
001 - CONTROL NUMBER
- control field: 31134
003 - CONTROL NUMBER IDENTIFIER
- control field: OSt
005 - DATE AND TIME OF LATEST TRANSACTION
- control field: 20160110174031.0
008 - FIXED-LENGTH DATA ELEMENTS
- fixed length control field: 160110|| aca||aabn | a|a d
040 ## - CATALOGING SOURCE
- Original cataloging agency: OSt
- Transcribing agency: OSt
100 ## - HEADING--PERSONAL NAME
- Personal name: Bhattacharyya, S N
670 ## - SOURCE DATA FOUND
- Source citation: Work cat.: (OSt)36303: Bhattacharyya, S N, Mahatma Gandhi The journalist, 1965









